Catálogo

ADMINISTRACION DE VENTAS : (Registro nro. 58923)

Detalles MARC
000 -LEADER
fixed length control field 00526nam a2200193 a 4500
001 - CONTROL NUMBER
control field 58923
005 - DATE AND TIME OF LATEST TRANSACTION
control field 20180714055710.0
008 - FIXED-LENGTH DATA ELEMENTS--GENERAL INFORMATION
fixed length control field 140415s1985 mx 000 0 spa d
020 ## - INTERNATIONAL STANDARD BOOK NUMBER
International Standard Book Number 9681310268
041 ## - LANGUAGE CODE
Language code of text/sound track or separate title spa
082 ## - DEWEY DECIMAL CLASSIFICATION NUMBER
Classification number 658.81
Item number CAN
100 1# - MAIN ENTRY--PERSONAL NAME
Personal name CANFIELD, BERTRAND R.
245 10 - TITLE STATEMENT
Title ADMINISTRACION DE VENTAS :
Remainder of title PRINCIPIOS Y PROBLEMAS
250 ## - EDITION STATEMENT
Edition statement 2a ed.
260 ## - PUBLICATION, DISTRIBUTION, ETC.
Place of publication, distribution, etc. MEXICO :
Name of publisher, distributor, etc. DIANA,
Date of publication, distribution, etc. 1985
300 ## - PHYSICAL DESCRIPTION
Extent 765
650 14 - SUBJECT ADDED ENTRY--TOPICAL TERM
Topical term or geographic name entry element VENTA
General subdivision DIRECCION Y ADMINISTRACION
700 1# - ADDED ENTRY--PERSONAL NAME
Personal name MATEO, ANDRES M.
Relator term tr.
Existencias
Withdrawn status Lost status Source of classification or shelving scheme Damaged status Not for loan Collection code Home library Current library Shelving location Date acquired Source of acquisition Inventory number Total Checkouts Full call number Barcode Date last seen Price effective from Koha item type
    Dewey Decimal Classification     General Biblioteca Karol Wojtyla Biblioteca Karol Wojtyla Sala general 03/12/2013 Compra 151000000000000000029618   658.81 CAN 8921 05/01/2026 03/12/2013 Libro
    Dewey Decimal Classification     General Biblioteca Karol Wojtyla Biblioteca Karol Wojtyla Sala general 03/12/2013 Compra 151000000000000000029617   658.81 CAN 8920 05/01/2026 03/12/2013 Libro
  Extraviado Dewey Decimal Classification       Biblioteca Karol Wojtyla Biblioteca Karol Wojtyla   03/12/2013 Compra     658.81 CAN 8919   03/12/2013 Libro